000 00415nam a22001697a 4500
003 MPLRDC
005 20220104125711.0
008 210129b ||||| |||| 00| 0 eng d
082 _a857.2 HD
100 _a何典
245 _a何典. 斩鬼传. 平鬼传
_c
260 _a
_b文化图书公司
_c
300 _b
490 _a中国古典文学
650 _a小说--笔记; 异闻
942 _cBK
_o857.2 HD
999 _c29444
_d29434